[Event "36th Olympiad w"]
[Site "Calvia ESP"]
[Date "2004.10.22"]
[Round "7"]
[White "Petrenko,S"]
[Black "Peng Zhaoqin"]
[Result "1/2-1/2"]
[WhiteElo "2323"]
[BlackElo "2420"]
[EventDate "2004.10.15"]

1. e4 c5 2. Nf3 Nc6 3. d4 cxd4 4. Nxd4 Qc7 5. Nb5 Qb8 6. c4 Nf6 7. N5c3 e6
8. Be3 b6 9. f4 h5 10. Be2 Bb7 11. O-O Na5 12. Nd2 Bb4 13. e5 Bxc3 14. bxc3
Ne4 15. Nxe4 Bxe4 16. c5 b5 17. a4 a6 18. axb5 axb5 19. Bf3 Qb7 20. c6 Bxc6
21. Bc5 d5 22. exd6 O-O 23. f5 exf5 24. Bxc6 Qxc6 25. Rxf5 Nb7 26. Rxa8
Rxa8 27. Qd5 Qxd5 28. Rxd5 Nxc5 29. Rxc5 Rd8 30. Rd5 g6 31. Kf2 Kf8 32. Ke3
Ke8 33. Kd4 f6 34. h4 Kd7 35. Rxb5 Ke6 36. Rd5 Rxd6 37. Rxd6+ Kxd6 38. c4
Kc6 39. g3 Kd6 40. Ke4 Kc5 41. Kd3 Kc6 42. Ke4 Kc5 43. Kd3 1/2-1/2

[Event "36th Olympiad w"]
[Site "Calvia ESP"]
[Date "2004.10.22"]
[Round "7"]
[White "Bosboom Lanchava,T"]
[Black "Partac,E"]
[Result "1-0"]
[WhiteElo "2352"]
[BlackElo "2259"]
[EventDate "2004.10.15"]

1. d4 Nf6 2. c4 e6 3. Nc3 Bb4 4. Qc2 c5 5. dxc5 O-O 6. a3 Bxc5 7. Nf3 b6 8.
Bg5 Bb7 9. e4 Be7 10. Be2 Nc6 11. O-O Rc8 12. Rfd1 a6 13. e5 Ng4 14. Bf4 f6
15. exf6 Bxf6 16. Bd6 Be7 17. Bg3 Nh6 18. Qd2 d6 19. Bxd6 Na5 20. Bxe7 Qxe7
21. Qg5 Qxg5 22. Nxg5 Nxc4 23. Bxc4 Rxc4 24. Nxe6 Re8 25. Nxg7 Re7 26. Nh5
Kf7 27. Ng3 Rg4 28. f3 Rg6 29. Rd8 Ng8 30. Rad1 Nf6 31. Kf2 Bc6 32. Nf5 Re5
33. Nd6+ Ke7 34. Nc8+ Kf7 35. Nxb6 Reg5 36. g4 Nxg4+ 37. fxg4 Rxg4 38. R8d6
Rf4+ 39. Ke1 Rg1+ 40. Kd2 Rg2+ 41. Kc1 Bf3 42. Rf1 Rxh2 43. Rd3 Rh1 44.
Rxh1 Bxh1 45. Rh3 Rf1+ 46. Kc2 Kg6 47. Rg3+ Kf6 48. Nbd5+ Ke5 49. Rg5+ Rf5
50. Rxf5+ Kxf5 51. Kd3 h5 52. Ke3 h4 53. Nf4 Bb7 54. b4 Kg5 55. Ne4+ Kg4
56. a4 Bc6 57. a5 Kf5 58. Nc3 Kg4 59. Nd1 Kf5 60. Nf2 Bb5 61. Ng2 Ke5 62.
Nxh4 Kd5 63. Nf3 Kc4 64. Nd3 Kc3 65. Nfe5 Be8 66. Ke4 Bb5 67. Kd5 Be8 68.
Kc5 1-0

[Event "36th Olympiad w"]
[Site "Calvia ESP"]
[Date "2004.10.22"]
[Round "7"]
[White "Smokina,K"]
[Black "Schuurman,P"]
[Result "1/2-1/2"]
[WhiteElo "2267"]
[BlackElo "2333"]
[EventDate "2004.10.15"]

1. c4 c5 2. Nc3 g6 3. g3 Bg7 4. Bg2 Nc6 5. d3 d6 6. e4 e6 7. Nge2 Nge7 8.
Rb1 O-O 9. a3 a5 10. O-O Nd4 11. Nxd4 cxd4 12. Nb5 Nc6 13. b4 axb4 14. axb4
Qe7 15. Na3 Bd7 16. b5 Na5 17. Nc2 e5 18. Bd2 Rfb8 19. Nb4 b6 20. Na6 Rb7
21. Ra1 Qd8 22. Bxa5 bxa5 23. Qd2 Rba7 24. Qxa5 Bf6 25. Qb4 Bc8 26. f4 Bxa6
27. fxe5 dxe5 28. bxa6 Rxa6 29. Rxa6 Rxa6 30. Bh3 Kg7 31. Rb1 Bg5 32. Qb7
Be3+ 33. Kh1 Rf6 34. Qd5 Qe7 35. c5 Qc7 36. Rf1 Rxf1+ 37. Bxf1 Bg5 38. c6
1/2-1/2

[Event "36th Olympiad w"]
[Site "Calvia ESP"]
[Date "2004.10.22"]
[Round "7"]
[White "Berezina,I"]
[Black "Lujan,C"]
[Result "1/2-1/2"]
[WhiteElo "2281"]
[BlackElo "2325"]
[EventDate "2004.10.15"]

1. d4 Nf6 2. c4 g6 3. Nc3 d5 4. Bg5 Ne4 5. Bh4 Nxc3 6. bxc3 dxc4 7. e3 Be6
8. Nh3 Bxh3 9. gxh3 Bg7 10. Bxc4 O-O 11. Qf3 Nc6 12. Rb1 Na5 1/2-1/2

[Event "36th Olympiad w"]
[Site "Calvia ESP"]
[Date "2004.10.22"]
[Round "7"]
[White "Malajovich,S"]
[Black "Sorokina,A"]
[Result "0-1"]
[WhiteElo "2118"]
[BlackElo "2199"]
[EventDate "2004.10.15"]

1. Nf3 Nf6 2. d4 e6 3. c4 Bb4+ 4. Nbd2 d5 5. Qa4+ Nc6 6. cxd5 Qxd5 7. e3 a6
8. Qc2 O-O 9. Bc4 Qd6 10. O-O Bxd2 11. Bxd2 h6 12. Rfc1 Rd8 13. Rab1 Nd5
14. Be1 Nb6 15. Be2 Bd7 16. Ne5 Be8 17. Bf3 Nd5 18. Nxc6 Bxc6 19. b4 Qd7
20. Qc5 Rac8 21. Rb2 Bb5 22. Ra1 Nb6 23. Qc2 Ba4 24. Qc1 c6 25. Qc5 Nd5 26.
Bd1 Bxd1 27. Rxd1 b5 28. a4 Qb7 29. a5 Nf6 30. Rc1 Ne8 31. Qb6 Qa8 32. Rbc2
Nd6 33. Rxc6 Nc4 34. R1xc4 bxc4 35. b5 axb5 36. Rxc8 Rxc8 37. Bc3 b4 38.
Bxb4 c3 0-1

[Event "36th Olympiad w"]
[Site "Calvia ESP"]
[Date "2004.10.22"]
[Round "7"]
[White "Eriksson,I"]
[Black "Justo,V"]
[Result "1/2-1/2"]
[WhiteElo "2098"]
[BlackElo "2285"]
[EventDate "2004.10.15"]

1. e4 c5 2. Nf3 e6 3. d3 Nc6 4. g3 d6 5. Bg2 Nf6 6. O-O Be7 7. c3 O-O 8.
Nbd2 e5 9. Re1 Ne8 10. Nf1 Be6 11. d4 cxd4 12. cxd4 Nxd4 13. Nxd4 exd4 14.
Qxd4 Bf6 15. Qa4 a6 16. Ne3 b5 17. Qd1 Rc8 18. Nd5 Bxd5 19. Qxd5 Rc2 20.
Rb1 Qc7 21. Qd1 g6 22. Re2 Rxe2 23. Qxe2 Ng7 24. Bh3 Re8 25. Qd3 Ne6 26.
Bxe6 Rxe6 27. Be3 Qc4 28. Qxc4 bxc4 29. b4 Rxe4 30. a4 c3 31. b5 axb5 32.
axb5 Bd4 33. b6 c2 34. Rc1 Bxe3 35. fxe3 Rb4 36. Rxc2 Rxb6 37. h4 Kg7 38.
Kf2 h5 39. Kf3 Kf6 40. Ra2 Ke6 41. Ra5 Rb4 42. Ra7 Rb3 1/2-1/2

[Event "36th Olympiad w"]
[Site "Calvia ESP"]
[Date "2004.10.22"]
[Round "7"]
[White "Ptacnikova,L"]
[Black "Borsuk,A"]
[Result "1/2-1/2"]
[WhiteElo "2257"]
[BlackElo "2306"]
[EventDate "2004.10.15"]

1. c4 e5 2. g3 Nf6 3. Bg2 Nc6 4. Nc3 Bb4 5. Nd5 Bc5 6. e3 O-O 7. Ne2 Re8 8.
O-O a5 9. f4 d6 10. Nxf6+ gxf6 11. f5 Ne7 12. Nc3 Bxf5 13. Nd5 Nxd5 14.
Rxf5 Ne7 15. Rxf6 Ng6 16. Rf5 c6 17. b3 a4 18. Bb2 axb3 19. axb3 Rxa1 20.
Bxa1 Qd7 21. Qg4 d5 22. cxd5 cxd5 23. Rg5 Qc6 24. Bxe5 Bxe3+ 25. dxe3 Qc1+
26. Kf2 Rxe5 27. Rxe5 Qb2+ 28. Qe2 Qxe5 29. Qd2 Qf5+ 30. Bf3 Ne5 31. Qxd5
Qc2+ 32. Be2 Ng4+ 33. Kf3 Nxh2+ 34. Kf4 Qxe2 35. Qd8+ 1/2-1/2

[Event "36th Olympiad w"]
[Site "Calvia ESP"]
[Date "2004.10.22"]
[Round "7"]
[White "Gretarsdottir,L"]
[Black "Vasiliev,Olg"]
[Result "0-1"]
[WhiteElo "2057"]
[BlackElo "2167"]
[EventDate "2004.10.15"]

1. e4 c5 2. Nf3 Nc6 3. Bb5 e5 4. Bxc6 dxc6 5. d3 Bd6 6. h3 Ne7 7. Be3 O-O
8. Nbd2 f5 9. Nc4 f4 10. Bd2 Ng6 11. a3 Bc7 12. b4 b5 13. Nb2 Bd6 14. O-O
Nh4 15. bxc5 Bxc5 16. a4 Qf6 17. d4 Bxd4 18. c3 Bb6 19. a5 Bc7 20. Nd3 Bxh3
21. Nxh4 Qxh4 22. Ne1 Bg4 23. Qb3+ Kh8 24. f3 Rad8 25. Qc2 Be6 26. Nd3 Bc4
27. Be1 Bxd3 28. Qxd3 Qxe1 29. Qxd8 Qe3+ 0-1

[Event "36th Olympiad w"]
[Site "Calvia ESP"]
[Date "2004.10.22"]
[Round "7"]
[White "Bashkite,V"]
[Black "Dembo,Y"]
[Result "0-1"]
[WhiteElo "2206"]
[BlackElo "2396"]
[EventDate "2004.10.15"]

1. Nf3 Nf6 2. e3 g6 3. b3 Bg7 4. Bb2 O-O 5. c4 d6 6. Be2 e5 7. d3 Nbd7 8.
Nc3 c6 9. O-O Qe7 10. Qd2 Ne8 11. e4 f5 12. exf5 gxf5 13. Rfe1 Nc7 14. Bf1
Qf7 15. Ba3 Qf6 16. Nd1 c5 17. Bb2 b6 18. g3 Bb7 19. Bg2 Rab8 20. Qg5 Qf7
21. Nh4 Ne6 22. Qd2 Bxg2 23. Nxg2 f4 24. gxf4 exf4 25. f3 Bd4+ 26. Kh1 Ne5
27. Bxd4 Nxf3 28. Qf2 Nxe1 29. Nxe1 Nxd4 30. Nc3 Kh8 31. Nf3 Nxf3 32. Qxf3
Qf6 33. Rc1 Qe5 34. Ne4 d5 35. cxd5 Qxd5 36. Rg1 Rbd8 37. Qg4 Rf7 38. Rd1
f3 39. Nf2 Rg8 40. Qh4 Qg5 41. Qxg5 Rxg5 42. Ne4 Rg2 43. Nd2 Rxd2 0-1

[Event "36th Olympiad w"]
[Site "Calvia ESP"]
[Date "2004.10.22"]
[Round "7"]
[White "Makropoulou,M"]
[Black "Piarnpuu,L"]
[Result "1-0"]
[WhiteElo "2270"]
[BlackElo "2227"]
[EventDate "2004.10.15"]

1. e4 e5 2. Nf3 Nc6 3. d4 exd4 4. Nxd4 Bc5 5. Nxc6 Qf6 6. Qd2 dxc6 7. Nc3
Bd4 8. Bd3 Ne7 9. O-O O-O 10. Ne2 Bxb2 11. Bxb2 Qxb2 12. f4 f5 13. Rab1 Qf6
14. e5 Qf7 15. Nd4 c5 16. Nb5 Nd5 17. Bc4 Be6 18. Bxd5 Bxd5 19. Nxc7 Bxa2
20. Nxa8 Bxb1 21. Rxb1 Rxa8 22. Qd6 b6 23. Rd1 Re8 24. h3 h6 25. Qc6 Re7
26. Rd6 Kh7 27. Qc8 Re8 28. Qc6 Re7 29. Qa4 c4 30. Rc6 Qd5 31. Qxc4 Qxc4
32. Rxc4 Kg8 33. Kf2 Kf7 34. Ke3 Ke6 35. Kd4 Rd7+ 36. Kc3 Re7 37. Rc8 Kd5
38. Kd3 Ke6 39. c4 Kd7 40. Rf8 Ke6 41. Kc3 Rd7 42. Re8+ Kf7 43. Rc8 Ke6 44.
Rc6+ Ke7 45. Rg6 Kf8 46. Rc6 Ke7 47. g3 Rb7 48. g4 fxg4 49. hxg4 Kf7 50. f5
Ke7 51. Kd4 a5 52. Kc3 b5 53. c5 b4+ 54. Kb2 a4 55. Rb6 Rc7 56. c6 Kd8 57.
Rb8+ Ke7 58. Rb7 Kd8 59. Rxc7 Kxc7 60. f6 1-0

[Event "36th Olympiad w"]
[Site "Calvia ESP"]
[Date "2004.10.22"]
[Round "7"]
[White "Laesson,T"]
[Black "Fakhiridou,E"]
[Result "1/2-1/2"]
[WhiteElo "2254"]
[BlackElo "2258"]
[EventDate "2004.10.15"]

1. Nf3 d6 2. g3 Nf6 3. d4 Nbd7 4. Nc3 c6 5. Bg2 e5 6. e4 Be7 7. O-O O-O 8.
h3 Qe8 9. Re1 Bd8 10. Be3 Qe7 11. a4 a5 12. Nd2 Ne8 13. dxe5 dxe5 14. Nc4
Bc7 15. Qe2 Nd6 16. Rad1 Qe6 17. Bf1 Re8 18. Rd2 Nxc4 19. Qxc4 Qxc4 20.
Bxc4 Nf8 21. Kg2 Be6 22. Be2 Rad8 23. Red1 Rxd2 24. Rxd2 Bc8 25. Nd1 Ne6
26. c3 Rd8 27. Rxd8+ Nxd8 28. f3 Be6 29. c4 Bd7 30. b3 Ne6 31. Nb2 Nd4 32.
Bd1 c5 33. Nd3 b6 34. Bxd4 exd4 35. f4 Kf8 36. Bg4 Bc6 37. Bf3 Ke7 38. e5
Bd7 39. g4 f5 40. Kg3 Bd8 41. Bd5 g6 42. Kf3 Bc7 43. g5 Be6 44. h4 Bd8 45.
Kg3 Bc7 46. Kf3 Bd8 47. Ke2 Bc7 48. Nc1 Bd8 49. Kd3 Bc7 50. Ne2 Bd8 51. Ng3
Bc7 52. h5 Bf7 53. hxg6 hxg6 54. Ne2 Be6 55. Ng1 Bf7 56. Nf3 Be8 57. Nh4
Bb8 58. Bg8 Kf8 59. Be6 Ke7 60. Bc8 Bf7 61. Bb7 Be8 62. Bd5 Bc7 63. Nf3 Bf7
64. Nd2 Be8 65. Nf3 Bf7 66. Bc6 Bb8 67. Nd2 Bc7 1/2-1/2

[Event "36th Olympiad w"]
[Site "Calvia ESP"]
[Date "2004.10.22"]
[Round "7"]
[White "Siti,Z"]
[Black "Hagesaether,E"]
[Result "1/2-1/2"]
[WhiteElo "2162"]
[BlackElo "2188"]
[EventDate "2004.10.15"]

1. e4 d6 2. d4 Nf6 3. Nc3 g6 4. Nf3 Bg7 5. h3 O-O 6. Be2 c6 7. a4 a5 8. O-O
Qc7 9. Bg5 e5 10. Qd2 Re8 11. dxe5 dxe5 12. Rad1 Na6 13. Qd6 Nh5 14. Bxa6
Qxd6 15. Rxd6 Rxa6 16. Rfd1 f6 17. Be3 Bf8 18. Rd8 Kf7 19. Ne2 Ng7 20. g4
Be7 21. Rxe8 Nxe8 22. Ng3 b5 23. Ra1 Ke6 24. Kf1 Nd6 25. Bc5 Nc4 26. Bxe7
Kxe7 27. b3 Nd6 28. Nd2 h5 29. f3 f5 30. exf5 hxg4 31. hxg4 gxf5 32. gxf5
Nxf5 33. Nxf5+ Bxf5 34. c3 Ra8 35. Ke2 Be6 36. Ke3 Bd5 37. c4 bxc4 38. bxc4
Bf7 39. Rb1 Bg6 40. Ne4 Bxe4 41. Kxe4 Ke6 42. Rh1 Rf8 43. Rh6+ 1/2-1/2

[Event "36th Olympiad w"]
[Site "Calvia ESP"]
[Date "2004.10.22"]
[Round "7"]
[White "Bjerke,S"]
[Black "Nur Shazwani,Z"]
[Result "0-1"]
[WhiteElo "2142"]
[BlackElo "2062"]
[EventDate "2004.10.15"]

1. d4 d5 2. c4 e6 3. Nf3 Nf6 4. Nc3 Be7 5. Bg5 O-O 6. e3 b6 7. cxd5 exd5 8.
Bd3 Bb7 9. O-O Nbd7 10. Rc1 c5 11. Bb1 Re8 12. Re1 Nf8 13. Ne5 Ne4 14. Bxe7
Qxe7 15. Qb3 Red8 16. Nf3 Ng6 17. Red1 Rab8 18. Qc2 Ng5 19. Qf5 Nxf3+ 20.
Qxf3 Qg5 21. Qf5 Qxf5 22. Bxf5 Ne7 23. Bg4 a6 24. Rd2 c4 25. f3 f5 26. Bh3
b5 27. g4 g6 28. gxf5 gxf5 29. Ne2 Rf8 30. Kf2 Nc6 31. Nf4 Ne7 32. b3 Bc6
33. Rb2 Kf7 34. Ne2 Kf6 35. Rbc2 Ng6 36. Rg1 Rfe8 37. Ng3 Bd7 38. Nh5+ Ke7
39. Rg5 Rf8 40. Rc1 Rf7 41. Ke2 Kd6 42. Kd2 Rc8 43. b4 a5 44. a3 axb4 45.
axb4 Ra8 46. Rc2 Ra3 47. Rg1 Rd3+ 48. Ke2 Re7 49. Bg2 Rexe3+ 50. Kf2 Ra3
51. Kg3 Red3 52. Re1 Rxd4 53. Rce2 c3 54. Nf6 f4+ 55. Kf2 Rxb4 56. Rd1 d4
57. Ne4+ Kc7 58. Nc5 Rc4 59. Nxd7 Kxd7 60. Bh3+ Kc7 61. Bf5 b4 62. Bd3 Rc6
63. Be4 Rd6 64. Bd3 b3 65. Rc1 Rc6 66. Be4 Rc5 67. Bb1 Ra1 68. Rb2 c2 69.
Rxb3 cxb1=Q 70. Rxc5+ Kd6 71. Rxb1 Rxb1 72. Rc8 Rb2+ 73. Kg1 Nh4 74. Rd8+
Kc5 75. Rd7 Nxf3+ 76. Kf1 Nxh2+ 77. Kg1 f3 0-1

[Event "36th Olympiad w"]
[Site "Calvia ESP"]
[Date "2004.10.22"]
[Round "7"]
[White "Roslina,M"]
[Black "Berntsen,S"]
[Result "1/2-1/2"]
[WhiteElo "2028"]
[BlackElo "2118"]
[EventDate "2004.10.15"]

1. d4 d5 2. Nf3 Nf6 3. Bf4 c5 4. c3 Nc6 5. e3 e6 6. Nbd2 Bd6 7. Bxd6 Qxd6
8. Bd3 O-O 9. O-O e5 10. dxe5 Nxe5 11. Nxe5 Qxe5 12. Nf3 Qc7 13. Qc2 h6 14.
Bf5 b5 15. a4 a6 16. Bxc8 Rfxc8 17. h3 Qc6 18. Rfd1 Re8 19. b3 Rab8 20. Ra2
Qb6 21. axb5 Qxb5 22. Rb1 a5 23. Ra4 Re4 24. Raa1 Re7 25. c4 Qb6 26. Qd3
Rd7 27. Ne5 Rdd8 28. Qc3 Ra8 29. cxd5 Nxd5 30. Qc4 Qd6 31. Nxf7 1/2-1/2

[Event "36th Olympiad w"]
[Site "Calvia ESP"]
[Date "2004.10.22"]
[Round "7"]
[White "Lomibao,S"]
[Black "Maric,A"]
[Result "0-1"]
[WhiteElo "2089"]
[BlackElo "2418"]
[EventDate "2004.10.15"]

1. e4 c6 2. d3 d5 3. Nd2 e5 4. Ngf3 Bd6 5. g3 Nd7 6. Bg2 Ngf6 7. O-O O-O 8.
Re1 Re8 9. b3 a5 10. exd5 cxd5 11. a3 b6 12. Bb2 Bb7 13. h4 Rc8 14. Nh2 Rc7
15. Ndf1 Qc8 16. Rc1 d4 17. Nd2 b5 18. Ne4 Nxe4 19. dxe4 b4 20. a4 Qa8 21.
Nf1 Nc5 22. Nd2 Bf8 23. Qf3 g6 24. g4 Qd8 25. h5 Bh6 26. Rcd1 Nxa4 27. bxa4
Rxc2 28. hxg6 hxg6 29. Bxd4 exd4 30. Qd3 Rc3 31. Qb1 d3 32. Nb3 Bf4 33. Qa2
Ba6 34. Qb2 Qh4 35. Rd2 Bxd2 36. Nxd2 Rc2 37. Nf3 Qxf2+ 0-1

[Event "36th Olympiad w"]
[Site "Calvia ESP"]
[Date "2004.10.22"]
[Round "7"]
[White "Leite,C"]
[Black "Medic,Mir"]
[Result "1/2-1/2"]
[WhiteElo "2236"]
[BlackElo "2237"]
[EventDate "2004.10.15"]

1. e4 e6 2. d4 d5 3. exd5 exd5 4. Bd3 Nc6 5. c3 Bd6 6. Qf3 Be6 7. Ne2 Qf6
8. Bf4 O-O-O 9. Nd2 h6 10. Bxd6 Qxf3 11. Nxf3 Rxd6 12. O-O-O Nge7 13. Ng3
Bg4 14. Ne5 Bxd1 15. Nxf7 Rf8 16. Nxd6+ cxd6 17. Rxd1 Rxf2 18. Rd2 Rf8 19.
Re2 Kd7 20. Kd2 g6 21. Ke3 Rf6 22. Rf2 Ke6 23. Ne2 Rxf2 24. Kxf2 Nd8 25.
Nf4+ Kf6 26. Bc2 Ne6 27. Ke3 Nxf4 28. Kxf4 Ke6 29. Bd3 Kf6 30. Bc2 Ke6 31.
Bd3 1/2-1/2

[Event "36th Olympiad w"]
[Site "Calvia ESP"]
[Date "2004.10.22"]
[Round "7"]
[White "Pintor,A"]
[Black "Sargac,R"]
[Result "1-0"]
[WhiteElo "2058"]
[BlackElo "2241"]
[EventDate "2004.10.15"]

1. e4 c5 2. d3 Nc6 3. g3 g6 4. Bg2 Bg7 5. f4 e6 6. c3 Nge7 7. Nf3 O-O 8.
Be3 b6 9. O-O d5 10. e5 f6 11. exf6 Bxf6 12. Na3 d4 13. cxd4 Nd5 14. Bf2
Nxd4 15. Nxd4 Bxd4 16. Bxd4 cxd4 17. Qa4 Nc7 18. Rac1 Rb8 19. Nc2 Ba6 20.
Nxd4 b5 21. Qb4 Nd5 22. Qd2 Qb6 23. Qf2 Nb4 24. Be4 Bb7 25. a3 Bxe4 26.
axb4 Bd5 27. Rc5 a6 28. Rfc1 Qd6 29. Qe3 Rbd8 30. Nc6 Rde8 31. Ne5 Ba8 32.
R1c2 Rd8 33. h4 Rf5 34. g4 Rf6 35. h5 Rdf8 36. Rf2 g5 37. f5 exf5 38. Qxg5+
Kh8 39. Rxf5 Qd4+ 40. Kf1 Rxf5+ 41. gxf5 Bb7 42. f6 Qd7 43. Nxd7 1-0

[Event "36th Olympiad w"]
[Site "Calvia ESP"]
[Date "2004.10.22"]
[Round "7"]
[White "Steffensen,E"]
[Black "Steil Antoni,F"]
[Result "1-0"]
[WhiteElo "2080"]
[BlackElo "1936"]
[EventDate "2004.10.15"]

1. e4 e5 2. Nf3 Nc6 3. Bb5 a6 4. Ba4 Nf6 5. d4 exd4 6. O-O Be7 7. Re1 O-O
8. e5 Nd5 9. c3 b5 10. Bb3 Nb6 11. cxd4 d6 12. e6 fxe6 13. Nc3 Kh8 14. Ne4
Nd5 15. Neg5 Bxg5 16. Nxg5 h6 17. Qh5 Qf6 18. Ne4 Qf5 19. Qxf5 Rxf5 20. Ng3
Rf8 21. Bxd5 exd5 22. Be3 Bd7 23. Rac1 Rac8 24. Re2 Nb4 25. a3 Nc6 26. Rec2
a5 27. Rxc6 Bxc6 28. Rxc6 a4 29. Ne2 Rb8 30. Nf4 b4 31. Ng6+ Kg8 32. Nxf8
bxa3 33. bxa3 Kxf8 34. Rxc7 Rb3 35. Bc1 Rd3 36. Kf1 Rxd4 37. Ke2 Re4+ 38.
Kd3 Re1 39. Bf4 Rd1+ 40. Ke2 Rg1 41. Rc1 Rxg2 42. Bg3 1-0

[Event "36th Olympiad w"]
[Site "Calvia ESP"]
[Date "2004.10.22"]
[Round "7"]
[White "Zapata,K"]
[Black "Ortiz,Na"]
[Result "1-0"]
[WhiteElo "2162"]
[BlackElo "2148"]
[EventDate "2004.10.15"]

1. d4 Nf6 2. c4 g6 3. Nc3 Bg7 4. g3 O-O 5. Bg2 d6 6. Nf3 Nc6 7. d5 Na5 8.
Nd2 c5 9. a3 b6 10. b4 Nb7 11. Bb2 Bd7 12. h3 Qc8 13. Qc2 a6 14. Qd3 b5 15.
Rc1 Ne8 16. O-O Nc7 17. Kh2 Qd8 18. Rc2 f5 19. f4 Rb8 20. e4 e5 21. Ne2 Re8
22. Nc1 fxe4 23. Bxe4 exf4 24. Rxf4 Qg5 25. Nf3 Qe7 26. Bxg6 Bxb2 27. Bf7+
Kh8 28. Rxb2 Qe3 1-0

[Event "36th Olympiad w"]
[Site "Calvia ESP"]
[Date "2004.10.22"]
[Round "7"]
[White "Franco,A"]
[Black "Calle,M"]
[Result "0-1"]
[WhiteElo "2046"]
[BlackElo "2111"]
[EventDate "2004.10.15"]

1. e4 e5 2. Nf3 Nc6 3. Bb5 a6 4. Ba4 Nf6 5. d4 exd4 6. O-O Be7 7. b4 O-O 8.
e5 Nd5 9. a3 Nb6 10. Bxc6 dxc6 11. Nxd4 c5 12. bxc5 Bxc5 13. c3 Qe7 14. Qh5
Nc4 15. Nf3 Re8 16. Bg5 Qe6 17. Nbd2 Nxd2 18. Bxd2 Qg4 19. Qg5 h6 20. Qf4
Be6 21. h3 Qxf4 22. Bxf4 Rad8 23. Rfb1 b6 24. a4 a5 25. Rc1 g5 26. Bd2 Rd3
27. Be1 Bxh3 28. Nd4 Bd7 29. f3 Rxd4 30. cxd4 Bxd4+ 31. Kf1 Bxa1 32. Rxa1
Rxe5 33. Rc1 c5 34. Bc3 Re6 35. Ra1 Kh7 36. Kf2 Kg6 37. g3 Bc6 38. Bd2 f5
39. Bc3 Rd6 40. Re1 Kf7 41. Be5 Re6 42. f4 Bxa4 43. Rb1 Bc2 44. Rb2 Bd3 45.
Bc7 c4 46. Rxb6 Rxb6 47. Bxb6 a4 48. fxg5 hxg5 49. Bd4 Ke6 50. Ke3 a3 51.
Bc3 Kd5 52. Ba1 Kc5 53. Bc3 Kb5 54. Bf6 a2 55. Kd2 Kb4 56. Be5 Kb3 57. Bf6
f4 58. gxf4 gxf4 59. Ba1 f3 0-1

[Event "36th Olympiad w"]
[Site "Calvia ESP"]
[Date "2004.10.22"]
[Round "7"]
[White "Fierro Baquero,M"]
[Black "Chang,S"]
[Result "1-0"]
[WhiteElo "2333"]
[BlackElo "2095"]
[EventDate "2004.10.15"]

1. d4 Nf6 2. Nf3 e6 3. Bf4 c5 4. c3 Qb6 5. Qb3 Qxb3 6. axb3 b6 7. Bxb8 Rxb8
8. Rxa7 Be7 9. e3 O-O 10. Be2 Bb7 11. O-O Be4 12. Nbd2 Ra8 13. Rfa1 Rxa7
14. Rxa7 Ra8 15. Rxa8+ Bxa8 16. Nc4 Bd8 17. Nfe5 Bc7 18. Nd3 d6 19. b4 d5
20. Na3 c4 21. Nc1 Bc6 22. b3 cxb3 23. Nxb3 Ne4 24. Bb5 Bb7 25. c4 dxc4 26.
Bxc4 Bd6 27. Nc2 Kf8 28. f3 Nc3 29. e4 Ke8 30. Kf2 Bc6 31. g3 Ba4 32. Nba1
Kd7 33. Ke3 Kc6 34. Kd3 Nb5 35. d5+ Kd7 36. dxe6+ fxe6 37. f4 Be7 38. Nb3
Nd6 39. Nbd4 Nxc4 40. Kxc4 Kd6 41. Ne3 Bd7 42. g4 g6 43. Nf3 Bc8 44. Kd4
Kc6 45. Kc3 Kb5 46. Nc2 Bb7 47. Nfd4+ Ka4 48. e5 Bd5 49. f5 gxf5 50. gxf5
exf5 51. Nxf5 Bf8 52. Nfe3 Be6 53. Nc4 Bh3 54. Nxb6+ Kb5 55. Nc4 Bg7 56.
Nd4+ Ka6 57. b5+ Kb7 58. Kb4 Bf8+ 59. Nd6+ Kb6 60. Kc4 Kc7 61. Kd5 Bg2+ 62.
Kc5 Bh3 63. b6+ Kd7 64. Nc6 Bg2 65. b7 1-0

[Event "36th Olympiad w"]
[Site "Calvia ESP"]
[Date "2004.10.22"]
[Round "7"]
[White "Chaves,Joa"]
[Black "Vasquez Ramirez,R"]
[Result "0-1"]
[WhiteElo "2046"]
[BlackElo "2257"]
[EventDate "2004.10.15"]

1. e4 c5 2. Nc3 e6 3. f4 d5 4. Bb5+ Nc6 5. Bxc6+ bxc6 6. d3 Nf6 7. Bd2 Ba6
8. Qf3 c4 9. e5 Nd7 10. d4 Qb6 11. Rb1 g6 12. Nge2 Rb8 13. O-O c5 14. Be3
h5 15. Kh1 Qc7 16. Qf2 cxd4 17. Nxd4 Nc5 18. f5 gxf5 19. Nxf5 Ne4 20. Nxe4
dxe4 21. Nd6+ Bxd6 22. exd6 Qd7 23. Qf6 Rh7 24. c3 Rb5 25. h3 Rd5 26. Bf4
Qd8 27. Qxd8+ Kxd8 28. Rbd1 Rd3 29. Rde1 f5 30. Rf2 Kd7 31. Kh2 Rd5 32.
Rfe2 Rf7 33. Bg3 Ra5 34. a3 Rb5 35. Kg1 Bb7 36. Bf4 a6 37. Rd2 e5 38. Bg5
f4 39. Be7 e3 40. Rde2 Rg7 41. Rc1 Be4 42. Kh2 Bd3 43. Rce1 Bxe2 44. Rxe2
Rd5 45. Bh4 Rd2 46. Re1 Rgxg2+ 47. Kh1 Rh2+ 0-1

[Event "36th Olympiad w"]
[Site "Calvia ESP"]
[Date "2004.10.22"]
[Round "7"]
[White "Cast,A"]
[Black "Yildiz,B"]
[Result "0-1"]
[WhiteElo "2082"]
[BlackElo "2131"]
[EventDate "2004.10.15"]

1. g3 d5 2. Bg2 Nf6 3. Nf3 e6 4. O-O Be7 5. d3 b6 6. c3 O-O 7. Qc2 Bb7 8.
Nbd2 c5 9. e4 Nc6 10. a3 Rc8 11. Re1 Qc7 12. exd5 exd5 13. Nf1 Rfe8 14. Bg5
h6 15. Bf4 Bd6 16. Bd2 Qd7 17. Nh4 d4 18. c4 Ne5 19. f4 Bxg2 20. fxe5 Bxf1
21. Rxf1 Bxe5 22. Nf5 Rc6 23. Rf3 Ng4 24. Raf1 Rf6 25. Qc1 Ne3 26. Nxe3
Rxf3 27. Rxf3 dxe3 28. Bxe3 Qxd3 29. Kg2 Qe2+ 30. Rf2 Bxb2 31. Qb1 Qxe3 32.
Rxb2 Qe4+ 33. Qxe4 Rxe4 34. Rc2 Re3 35. a4 Ra3 36. Kf2 Rxa4 37. Ke3 Ra3+
38. Ke4 Kf8 39. Kd5 Ke7 40. Kc6 Rb3 41. Rd2 a5 42. Rd7+ Kf6 43. Ra7 g5 44.
Kd7 Ke5 45. Ke7 Kd4 46. Kxf7 h5 47. Kg6 h4 48. g4 Kxc4 49. Kxg5 Rh3 50. Kf4
Rxh2 51. g5 h3 52. Rh7 Rf2+ 53. Ke3 Rg2 54. Rh6 Rxg5 55. Rh4+ Kb3 56. Kf4
Rd5 57. Rxh3+ Kb4 58. Ke4 Rd4+ 59. Ke3 a4 60. Rh1 a3 61. Rb1+ Ka4 62. Ra1
b5 0-1

[Event "36th Olympiad w"]
[Site "Calvia ESP"]
[Date "2004.10.22"]
[Round "7"]
[White "Topel,Z"]
[Black "Evans Quek,D"]
[Result "1/2-1/2"]
[WhiteElo "2062"]
[BlackElo "2013"]
[EventDate "2004.10.15"]

1. c4 e5 2. Nc3 Nf6 3. Nf3 Nc6 4. e3 d5 5. cxd5 Nxd5 6. Bb5 Nxc3 7. bxc3
Bd7 8. Qc2 Bd6 9. d4 exd4 10. exd4 O-O 11. Be2 Re8 12. O-O h6 13. Be3 Qf6
14. Qd2 Ne7 15. Ne5 Bxe5 16. dxe5 Qe6 17. f4 Bc6 18. Qc2 a6 19. Bf3 Red8
20. Bxc6 Nxc6 21. Rae1 b5 22. Bc1 Qd5 23. Kh1 a5 24. Rf3 Qc4 25. Qf2 b4 26.
cxb4 Nxb4 27. h3 Nd3 28. Qf1 Qc2 29. Rxd3 Qxd3 30. Qf2 Qc4 31. f5 Qd4 32.
Qg3 Qd3 33. Qf2 Rd4 34. Re3 Qd1+ 35. Re1 Qd3 36. Re3 Qc4 37. Bd2 Rad8 38.
Bxa5 Rf4 39. Rf3 Rxf3 40. Qxf3 Qf1+ 41. Kh2 Rd1 42. f6 Kh8 43. Kg3 Qb5 44.
Kf2 Qxe5 45. Bc3 Qc5+ 46. Kg3 Re1 47. Qa8+ Kh7 48. Qe4+ g6 49. Bd4 Qg5+ 50.
Kh2 Rc1 51. Qe7 Qf4+ 1/2-1/2

[Event "36th Olympiad w"]
[Site "Calvia ESP"]
[Date "2004.10.22"]
[Round "7"]
[White "Smith,O"]
[Black "Bayrak,A"]
[Result "1/2-1/2"]
[WhiteElo "1831"]
[BlackElo "1907"]
[EventDate "2004.10.15"]

1. d4 d5 2. c4 c6 3. Nf3 Nf6 4. Nc3 dxc4 5. a4 Bf5 6. e3 e6 7. Bxc4 Bb4 8.
O-O O-O 9. Qe2 Nbd7 10. Bd2 Be7 11. Rfd1 Ne4 12. Nxe4 Bxe4 13. Ne1 Bg6 14.
e4 Nb6 15. Ba5 Qb8 16. b3 Qf4 17. f3 Rfd8 18. Bd2 Qd6 19. Be3 Qb4 20. Qb2
Bf6 21. Nd3 Qf8 22. Nc5 Rab8 23. Qf2 Nd7 24. Bd3 Rdc8 25. Rac1 Be7 26. Bf4
Bf6 1/2-1/2

[Event "36th Olympiad w"]
[Site "Calvia ESP"]
[Date "2004.10.22"]
[Round "7"]
[White "Sanchez Castillo,S"]
[Black "Dymshits,G"]
[Result "1-0"]
[WhiteElo "2141"]
[BlackElo "2081"]
[EventDate "2004.10.15"]

1. e4 c5 2. Nf3 Nc6 3. d4 cxd4 4. Nxd4 e5 5. Nb5 a6 6. Nd6+ Bxd6 7. Qxd6
Qf6 8. Qxf6 Nxf6 9. Nc3 Nb4 10. Bd3 h6 11. O-O Nxd3 12. cxd3 d6 13. Be3 Bd7
14. d4 Ng4 15. Nd5 Nxe3 16. fxe3 O-O 17. Rac1 Bb5 18. Rfd1 Rad8 19. Rc7 Rd7
20. dxe5 Rxc7 21. Nxc7 Bc6 22. exd6 Bxe4 23. Rd4 Bc6 24. e4 f6 25. Kf2 Kf7
26. Ke3 Rd8 27. b4 Rd7 28. Kd3 Bb5+ 29. Kc3 Bf1 30. g3 b6 31. a4 Be2 32.
Kd2 Bf1 33. Ke1 Bh3 34. a5 bxa5 35. bxa5 g5 36. Nxa6 Ra7 37. Nc7 Rxa5 38.
d7 Bxd7 39. Rxd7+ Kf8 40. Nd5 Ra1+ 41. Kf2 Ra2+ 42. Kf3 Rxh2 43. Kg4 h5+
44. Kf5 Rf2+ 45. Ke6 Ke8 46. Rh7 1-0